Urban risk assessments (Record no. 82437)
[ view plain ]
| 000 -LEADER | |
|---|---|
| fixed length control field | 01690nam a2200421 a 4500 |
| 082 04 - DEWEY DECIMAL CLASSIFICATION NUMBER | |
| Classification number | 307.760973 |
| 245 00 - TITLE STATEMENT | |
| Title | Urban risk assessments |
| 260 ## - PUBLICATION, DISTRIBUTION, ETC. (IMPRINT) | |
| Place of publication | Washington, D.C. : |
| Name of publisher | World Bank, |
| Year of publication | 2012. |
| 300 ## - PHYSICAL DESCRIPTION | |
| Number of Pages | xvi, 256 p. : |
| Other physical details | ill. (some col.). |
| 490 1# - SERIES STATEMENT | |
| Series statement | Urban development series |
| 500 ## - GENERAL NOTE | |
| General note | "The report was prepared by a Bank team comprised of Eric Dickson ... [et al.]." |
| 650 #0 - SUBJECT ADDED ENTRY--TOPICAL TERM | |
| Topical Term | Urban ecology (Sociology) |
| Topical Term | City planning |
| Topical Term | Urban policy. |
| Topical Term | Natural disasters |
| Topical Term | Climatic changes |
| Topical Term | Risk assessment. |
| Topical Term | Environmental risk assessment. |
| 700 1# - ADDED ENTRY--PERSONAL NAME | |
| Personal name | Dickson, Eric. |
| 856 40 - ELECTRONIC LOCATION AND ACCESS | |
| Uniform Resource Identifier | http://site.ebrary.com/lib/rucke/Doc?id=10583938 |
No items available.
